Posibilidades de estudio en la Educación Superior Estatal de Costa Rica en el 2015 /
Uloženo v:
| Hlavní autor: | |
|---|---|
| Médium: | Text |
| Jazyk: | Spanish |
| Témata: | |
| Tagy: |
Přidat tag
Žádné tagy, Buďte první, kdo vytvoří štítek k tomuto záznamu!
|
MARC
| LEADER | 00000 a a2200000 04500 | ||
|---|---|---|---|
| 001 | 47895 | ||
| 003 | cru IIS | ||
| 005 | 20221108101934.0 | ||
| 008 | 221108b |||||||| |||| 00| 0 spa d | ||
| 040 | |c cru IIS | ||
| 082 | |2 RE 0801 2015 | ||
| 100 | |a Cabrera Valverde, Jorge | ||
| 245 | |a Posibilidades de estudio en la Educación Superior Estatal de Costa Rica en el 2015 / |c Jorge Cabrera Valverde | ||
| 505 | |a 1 Disco Compacto | ||
| 650 | |a UNIVERSIDADES | ||
| 650 | |2 MACROTHESAURO DE LA OCDE/ | ||
| 650 | |a EDUCACION PUBLICA | ||
| 650 | |2 MACROTHESAURO DE LA OCDE/ | ||
| 650 | |a PROGRAMAS DE ESTUDIO | ||
| 650 | |2 MACROTHESAURO DE LA OCDE/ | ||
| 650 | |a SISTEMAS DE ENSEÑANZA | ||
| 650 | |2 MACROTHESAURO DE LA OCDE/ | ||
| 942 | |2 ddc |c RE | ||
| 999 | |c 44625 |d 44625 | ||
